Words That Also Mean Parts Of The Body - Statistics

General Stats
  • This quiz has been taken 38 times
  • The average score is 9 of 15
Answer Stats
Hint Answer % Correct
The hole in a needle through which the thread passes. Eye
94%
To supply someone with military equipment. Arm
88%
A third of a yard. Foot
88%
A distinct stage of a journey or a race. Leg
88%
Saucy talk, impudence. (Don't give me yours) Lip
82%
The flammable bit at the tip of a match. Head
79%
A very young cow. Calf
76%
The compact seed-bearing head of a wheat or barley plant. Ear
70%
To support someone's opinion or position, or perhaps to help them financially. Back
55%
To drink or eat something greedily and gulp it down quickly. Neck
52%
The orange-red fruit of the rose (full of vitamin C). Hip
42%
To catch someone and face them with the consequences of their crime. Nail
36%
A thorn on a plant, or a sharp point on an animal's body. Spine
33%
To climb using your arms and legs (say, up a tree). Shin
30%
The projecting edge of a cliff or hill. Brow
24%
No matching quizzes found
Score Distribution
Percent of People with Each Score
Percentile by Number Answered
Your Score History
You have not taken this quiz